000 00403nam a2200181Ia 4500
001 8664
005 20260306160626.0
008 260306t2014||||xx |||||||||||||| ||spa||
041 _aESP
082 _a371.26
_bP653
100 _aPlessi, Paola
_eAUT
245 0 _aSaber evaluar
260 _c2014
300 _a201 páginas :
_c23 cm.
650 _aGEN
654 _aCED
942 _cLIB
_dJUS
_fJUS
_2ddc
_n
999 _c8664
_d8664